000 00405nam a2200133Ia 4500
008 220217s9999||||xx |||||||||||||| ||und||
020 _a0-8493-4058-6
082 _a005.43 RAG
100 _aRaghavan, P. Lad, Amol. Neelakandan, Sriram
245 0 _aEmbedded linux system design and development
260 _aAuerbach publications
_bBoca Raton
_c2007
300 _b325
650 _aOperating systems
999 _c177025
_d177025